5 British masters/ (Record no. 152793)
[ view plain ]
| 000 -LEADER | |
|---|---|
| fixed length control field | 00884nam a22003257a 4500 |
| 005 - DATE AND TIME OF LATEST TRANSACTION | |
| control field | 20190706141744.0 |
| 010 ## - LCCN (DPL NO) | |
| LC control number | B-110129, B-110117 |
| 016 ## - NATIONAL BIBLIOGRAPHIC AGENCY CONTROL NUMBER | |
| Record control number | B-110129 |
| 020 ## - INTERNATIONAL STANDARD BOOK NUMBER | |
| International Standard Book Number | 8179922197 |
| 022 ## - INTERNATIONAL STANDARD SERIAL NUMBER | |
| International Standard Serial Number | 8179922197 |
| 035 ## - SYSTEM CONTROL NUMBER | |
| System control number | B-110129, B-110131,B-110131 |
| 035 ## - SYSTEM CONTROL NUMBER | |
| System control number | B-110117 |
| 037 ## - SOURCE OF ACQUISITION | |
| Source of stock number/acquisition | BPPD/PUB |
| 082 ## - DEWEY DECIMAL CLASSIFICATION NUMBER | |
| Classification number | S |
| Item number | FIV |
| 100 ## - MAIN ENTRY--PERSONAL NAME | |
| Personal name | Wilde Oscar |
| 245 ## - TITLE STATEMENT | |
| Title | 5 British masters/ |
| Statement of responsibility, etc | by Oscar Wilde....(et all) |
| 260 ## - PUBLICATION, DISTRIBUTION, ETC. (IMPRINT) | |
| Place of publication, distribution, etc | Mumbai |
| Name of publisher, distributor, etc | Jaco Publishing House |
| Date of publication, distribution, etc | 2004 |
| 270 ## - ADDRESS | |
| Address | 20, Wadala Udyog Bhavan Wadala |
| City | Mumbai |
| Postal code | 400031 |
| 300 ## - PHYSICAL DESCRIPTION | |
| Extent | 283p. |
| Dimensions | 25cm(Hb) |
| 650 ## - SUBJECT ADDED ENTRY--TOPICAL TERM | |
| Topical term or geographic name as entry element | Prints, British -- Catalogs. |
| 650 ## - SUBJECT ADDED ENTRY--TOPICAL TERM | |
| Topical term or geographic name as entry element | Prints, British. |
| 700 ## - ADDED ENTRY--PERSONAL NAME | |
| Personal name | Wilde, Oscar |
| 700 ## - ADDED ENTRY--PERSONAL NAME | |
| Personal name | Munro, Hector Hugh |
| 700 ## - ADDED ENTRY--PERSONAL NAME | |
| Personal name | Lawrence, D.H. |
| 700 ## - ADDED ENTRY--PERSONAL NAME | |
| Personal name | Conrad, Joseph |
| 700 ## - ADDED ENTRY--PERSONAL NAME | |
| Personal name | Dickens, Charles |
| 700 ## - ADDED ENTRY--PERSONAL NAME | |
| Personal name | Conrad, Joseph |
| 942 ## - ADDED ENTRY ELEMENTS (KOHA) | |
| Source of classification or shelving scheme | Dewey Decimal Classification |
| Item type | English Books |
| Classification part | S |
| Call number suffix | FIV |
| Withdrawn status | Lost status | Not for loan | Collection code | Home library | Current library | Date acquired | Source of acquisition | Cost, normal purchase price | Full call number | Barcode | Cost, replacement price | Koha item type | Copy number |
|---|---|---|---|---|---|---|---|---|---|---|---|---|---|
| Fiction | R.K.Puram-8 | R.K.Puram-8 | 06/07/2019 | BPPD/Purchase | 195.00 | S FIV | B-110117 | 195.00 | English Books | 1 | |||
| Non-fiction | Shahdara Branch | Shahdara Branch | 18/06/2018 | BPPD/PUB | 0.00 | S FIV | B-110129 | 0.00 | English Books | ||||
| Fiction | Vigyan Vihar | Vigyan Vihar | 13/03/2019 | BPPD | 195.00 | S FIV | B-110131 | 195.00 | English Books | ||||
| Fiction | Yojana Vihar | Yojana Vihar | 11/10/2019 | BPPD/PUB | 195.00 | S FIV | B-110130 | 195.00 | English Books |
